000 00848nam a22002897a 4500
001 000562
003 DO-SdBNP
005 20180125110214.0
007 000562
008 161018b 1982 sp ||||| |||| 00| 0 spa d
020 _a840204719X
040 _aBPMSU
_bspa
_cBPMSU
041 1 7 _aspa
_heng
100 1 _aAsimov, Isaac,
_d1920-1992.
240 _aFoundation.
_lEspañol
245 1 0 _aFundación /
_cIsaac Asimov ; traducción del inglés, Pilar Giralt.
250 _a8ª ed.
260 _aBarcelona :
_bBruguera,
_c1982.
300 _a253, [2] p. ;
_c18 cm.
490 1 _aLibro Amigo. Ciencia ficción
_v385
500 _aIncluye datos del autor.
700 1 2 _aGiralt, Pilar,
_etr.
830 0 _aLibro Amigo. Ciencia ficción
_v385
942 _2ddc
_cBK
945 _aInventariado, 2018 /LP
956 _aLOPEREZ
_b10
_c20161017
999 _c11588
_d11588